00230nam a2200097Ia 4500008004100000100002000041245001600061260003200077300000900109650001400118190216s9999||||xx |||||||||||||| ||und|| aKunhiraman Nair 0aNirvananisa bPoorna Pubs Kozhikodec1967 a145p aKavithkal